| 000 | 00357nam a2200133Ia 4500 | ||
|---|---|---|---|
| 008 | 210210b1978 xxu||||| |||| 00| 0 eng d | ||
| 082 | _a303.4 MADS | ||
| 100 | _aMADAN (G R). | ||
| 245 | _aSocial change and problems of development in India. | ||
| 260 |
_aBombay. _bAllied Publishers _c1978 |
||
| 300 | _axvi,142 | ||
| 690 | _aSocial Change | ||
| 906 | _a034475 | ||
| 999 |
_c85428 _d85428 |
||